000 02099cam a22002177i 4500
001 23904653
005 20250520112600.0
008 241028s2024 si a b 001 0 eng d
020 _a9789811281761
040 _aCSL
_beng
_cCSL
041 _2eng
_aeng
084 _aE1 R4 Carc
_qCSL
100 1 _aMukherjee, Rabindranath,
_eauthor.
_9809030
245 1 0 _aInorganic chemistry :
_bPrinciples and properties
260 _aSingapore:
_bWorld Scientific Publishing Co. Pte. Ltd.,
_c2024.
300 _axvii, 371p :
_bill ;
_c24 cm
504 _aIncludes bibliographical references and index.
520 _aThis book focuses on molecular shapes, molecular symmetry, application of molecular orbital concepts to the compounds of main-group and transition elements of varied symmetry, metal-metal bonding, organometallic compounds such as ferrocene, fundamentals of redox properties, and spectroscopic term symbols. For compounds of d-block elements, it delves into discussions on structures and bonding theories (valence bond, crystal field, and molecular orbital), properties (magnetic, spectral, and redox), and reactivities. Basics and applications of organometallic compounds of d-block elements in catalysis and selected topics of bioinorganic chemistry have also been included. An attempt has been made to integrate selected focused topics, which is expected to help both the students and instructors, reducing the need to consult other specialized books. For the convenience of the instructors and students, the book highlights in each chapter take home messages. Examples in each subtopic, and at the end of any chapter a list of further reading and exercises to critically think about the concepts are discussed. Almost every chapter lists references to the literature and reviews that has been found to be particularly useful in the advanced Inorganic Chemistry courses. At the end of the book an appendix that gives hints/full answers of the exercises is included.
650 0 _aChemistry
_vInorganic
_9809031
942 _2CC
_n0
_cTEXL
_hE1 R4 Carc
999 _c1428865
_d1428865